Responses for show #5152 - Tuesday, January 23, 2007

Contestants

Jen Heddle, a book editor from Brooklyn, New York

Freddy Bee, a teacher from La Verne, California

Leah Buswell, a substitute teacher originally from Toledo, Washington (whose 1-day cash winnings total $16,600)

Jeopardy! Round responses

POETS & POETRY
THE WIDE WORLD OF SPORTS
NAMES OF THE '60s
THE LARGEST U.S. STATE
(Alex: ...in area.)
LIP GLOSS
BEGINS & ENDS IN "G"
    $200 1
(Leah: Who is Longfellow?)

Tennyson

LeahJen
    $200 24
Jack Nicholson

Jen
    $200 16
(Freddy: Who was Eisenhower?)

Truman

LeahFreddy
    $200 11
New York

Jen
    $200 21
capillaries

Leah
    $200 6
a gulag

Leah
    $400 2
(Leah: Who is Poe?)

Longfellow

LeahFreddy
    $400 27
Johnny Unitas

Triple Stumper
    $400 17
Malcolm X

Leah
    $400 12
Virginia

Jen
    $400 22
(Alex: [*], I use it all the time.)

lip liner

Jen
    $400 7
a gelding

Leah
    $600 3
Sandburg

Jen
    $600 28
(Leah: What is Pittsburgh?)
(Jen: What is Detroit?)

Cincinnati

LeahJen
Triple Stumper
    $1,000 18
Jimmy Hoffa

Leah
    $600 13
Hawaii

Leah
    $600 23
a balm

Freddy
    $600 8
a gong

Freddy
    $800 4
Browning

Freddy
    $800 29
Finland

Freddy
    $800 19
Yasser Arafat

Leah
    $800 14
Oregon

Leah
    $800 25
canker sores

Leah
    $800 9
a groundhog

Leah
    $1000 5
(Jen: Who is Alfred J. Prufrock?)

J. Alfred Prufrock

FreddyJen
    $1000 30
"Long John" Daly

Triple Stumper
    $1000 20
Dr. Spock

Leah
    $1000 15
Illinois

Leah
    $1000 26
collagen injections

Jen
    $1000 10
Arthur Goldberg

Triple Stumper

Scores at the first commercial break (after clue 15):

Leah Freddy Jen
$3,200 $2,800 $400

Scores at the end of the Jeopardy! Round:

Leah Freddy Jen
$7,000 $4,000 $1,400

Double Jeopardy! Round responses

THE HERBERT HOOVER PRESIDENTIAL LIBRARY
ALBUMS
A YEAR TO REMEMBER
ALSO A MOUNTAIN
LUCY!
YOU GOT SOME SPLEENING TO DO
    $400 26
China

Jen
    $400 1
Dark Side of the Moon

Leah
    $400 6
1914

Freddy
    $400 11
Rainier

Leah
    $400 16
(Leah: What is an Easter egg hunt?)

Easter Egg Roll

LeahJen
    $400 21
red blood cells

Leah
    $800 27
[Freddy rings in too late.]
(Alex: The country was [*]. Sorry, Freddy.)

Belgium

Triple Stumper
    $800 2
Beastie Boys

Leah
    $800 7
(Freddy: What is 1782?)
...
(Alex: It was a long time ago and you were just one year off. [*], Freddy. Sorry about that.)

1783

Freddy
Triple Stumper
    $800 12
(Freddy: Who is Nod?)
...
(Alex: The first biblical mate was Eve. What the sleepy need is rest. You put them together and you come up with [*]. I know, it's a little tricky.)

Everest

Freddy
Triple Stumper
    $800 17
Sicily

Freddy
    $800 22
mononucleosis

Freddy
    $1200 28
(Alex: That was the year [*] flooded.)

the Mississippi River

Triple Stumper
    $1200 3
Dido

Jen
    $1200 8
1898

Triple Stumper
    $1200 13
McKinley

Jen
    $1200 18
Georgia

Leah
    $1200 23
antibodies

Triple Stumper
    $1600 29
Quakers

Leah
    $1,000 4
Achtung Baby

Jen
    $1600 9
1666

Freddy
    $1,000 14
(Alex: Jen?)
(Jen: I can't think of it.)
(Alex: If you think Japanese, what mountain would you automatically think of?)
(Jen: [*].)
(Alex: [*] apples, yes.)

Fuji

Jen
    $1600 19
Anne of Green Gables

Leah
    $1600 24
black

Freddy
    $2000 30
Australia

Freddy
    $2000 5
Dying

Leah
    $2000 10
1967

Triple Stumper
    $2000 15
Olympus

Leah
    $2000 20
(Freddy: What is Kenya?)

Ethiopia

Freddy
Triple Stumper
    $2000 25
lymphatic

Freddy

Scores at the end of the Double Jeopardy! Round:

Leah Freddy Jen
$17,000 $9,600 $4,600

[wagering suggestions for these scores]

Final Jeopardy! Round responses

BUSINESS INNOVATIONS
[After Leah's incorrect response is revealed, ZergCam on Freddy.]
JenWhat is Cologne?
$4,500
FreddyWhat is Cologne
$8,000
LeahWhat is [letter crossed out] Berlin?
$2,250
Cologne

Final scores:

Leah Freddy Jen
$14,750 $17,600 $9,100
2nd place: $2,000 New champion: $17,600 3rd place: $1,000

Game dynamics:

Coryat scores:

Leah Freddy Jen
$16,600 $9,600 $6,200
22 R
(including 1 DD),
4 W
13 R,
4 W
12 R
(including 1 DD),
3 W
(including 1 DD)

Combined Coryat: $32,400

The J! Archive is created by fans, for fans. The Jeopardy! game show and all elements thereof, including but not limited to copyright and trademark thereto, are the property of Jeopardy Productions, Inc. and are protected under law. This website is not affiliated with, sponsored by, or operated by Jeopardy Productions, Inc. Join the discussion at JBoard.tv.